000 00318 a2200157 4500
001 169695
020 _a
040 _cMagnum
100 _aKoury, Jussara Rocha
240 1 0 _aDesafio no asfalto
_lpor
245 1 0 _aDesafio no asfalto
362 0 _a1899
440 1 _aBagaço
697 _aIJ/GERAL
942 _cBK
999 _c169695
_d169695